Normal view
MARC view
Entry Personal Name
001 - CONTROL NUMBER
- control field: 19477
003 - CONTROL NUMBER IDENTIFIER
- control field: ARRUPE
005 - DATE AND TIME OF LATEST TRANSACTION
- control field: 20150908123231.0
008 - FIXED-LENGTH DATA ELEMENTS
- fixed length control field: 150908|| aca||aabn | a|a d
040 ## - CATALOGING SOURCE
- Original cataloging agency: ARRUPE
- Transcribing agency: ARRUPE
100 ## - HEADING--PERSONAL NAME
- Personal name: Sarton, George,
- Dates associated with a name: 1884-1956.
670 ## - SOURCE DATA FOUND
- Source citation: Work cat.: (ARRUPE)0: Sarton, George, 1884-1956., Ancient science and modern civilization., [1954]